[Event "DEM U10 2021"]
[Site "Willingen GER"]
[Date "2021.08.24"]
[Round "4"]
[White "Teng, David"]
[Black "Akcapinar, Timur"]
[Result "1-0"]
[Termination "normal"]
[Board "21"]
[WhiteElo "1380"]
[BlackElo "1216"]
[WhiteClock "00:22:44"]
[BlackClock "00:03:57"]
[PlyCount "75"]
[WhiteFideId "34604570"]
[BlackFideId "16287509"]
[EventCountry "GER"]
[EventRounds "11"]
[EventType "swiss"]
[EventDate "2021.08.22"]

1. e4 {[%clk 01:15:58]} d5 {[%clk 01:15:54]} {[%emt 00:00:06]} 2. exd5 {[%clk
01:16:25]} {[%emt 00:00:04]} Qxd5 {[%clk 01:16:17]} {[%emt 00:00:07]} 3. Nc3
{[%clk 01:16:50]} {[%emt 00:00:04]} Qa5 {[%clk 01:16:43]} {[%emt 00:00:05]} 4.
Nf3 {[%clk 01:16:16]} {[%emt 00:01:04]} Nf6 {[%clk 01:17:02]} {[%emt 00:00:09]}
5. Bc4 {[%clk 01:15:49]} {[%emt 00:00:59]} Nc6 {[%clk 01:17:18]} {[%emt
00:00:13]} 6. O-O {[%clk 01:15:47]} {[%emt 00:00:33]} Bg4 {[%clk 01:17:10]}
{[%emt 00:00:38]} 7. h3 {[%clk 01:14:37]} {[%emt 00:01:39]} Bh5 {[%clk
01:17:32]} {[%emt 00:00:08]} 8. Be2 {[%clk 01:12:06]} {[%emt 00:03:01]} O-O-O
{[%clk 01:16:44]} {[%emt 00:01:19]} 9. d3 {[%clk 01:09:14]} {[%emt 00:03:23]}
e5 {[%emt 00:04:58]} 10. Bg5 {[%clk 01:06:47]} {[%emt 00:02:54]} e4 {[%clk
01:11:18]} {[%emt 00:01:30]} 11. Nxe4 {[%clk 01:04:58]} {[%emt 00:02:20]} Bxf3
{[%clk 01:01:19]} {[%emt 00:10:28]} 12. Bxf3 {[%clk 01:03:40]} {[%emt
00:01:48]} Be7 {[%clk 00:55:51]} {[%emt 00:05:58]} 13. Bxf6 {[%clk 01:01:36]}
{[%emt 00:02:33]} Bxf6 {[%clk 00:54:43]} {[%emt 00:01:38]} 14. Nxf6 {[%clk
00:59:25]} {[%emt 00:02:41]} gxf6 {[%clk 00:54:32]} {[%emt 00:00:41]} 15. Bxc6
{[%clk 00:59:35]} {[%emt 00:00:20]} bxc6 {[%clk 00:54:33]} {[%emt 00:00:27]}
16. Qf3 {[%clk 00:59:15]} {[%emt 00:00:52]} Rd6 {[%clk 00:51:03]} {[%emt
00:04:00]} 17. Rfe1 {[%clk 00:57:20]} {[%emt 00:02:24]} Rg8 {[%clk 00:47:27]}
{[%emt 00:04:06]} 18. Re7 {[%clk 00:55:57]} {[%emt 00:01:53]} Rg7 {[%clk
00:36:11]} {[%emt 00:11:40]} 19. a3 {[%clk 00:49:25]} {[%emt 00:07:09]} Qg5
{[%clk 00:28:07]} {[%emt 00:08:19]} 20. Rae1 {[%clk 00:47:49]} {[%emt
00:02:20]} f5 {[%clk 00:21:51]} {[%emt 00:06:46]} 21. Re8+ {[%clk 00:47:05]}
{[%emt 00:01:14]} Kb7 {[%clk 00:19:56]} {[%emt 00:02:22]} 22. b4 {[%clk
00:46:14]} {[%emt 00:01:23]} Rdg6 {[%clk 00:17:05]} {[%emt 00:03:20]} 23. g3
{[%clk 00:44:10]} {[%emt 00:02:35]} Qh4 {[%clk 00:14:38]} {[%emt 00:02:50]} 24.
Kh2 {[%clk 00:39:32]} {[%emt 00:05:16]} Qf6 {[%clk 00:10:20]} {[%emt 00:04:46]}
25. b5 {[%clk 00:38:31]} {[%emt 00:01:34]} Qd6 {[%clk 00:08:56]} {[%emt
00:01:49]} 26. bxc6+ {[%clk 00:38:02]} {[%emt 00:01:04]} Qxc6 {[%clk 00:07:56]}
{[%emt 00:01:30]} 27. Rb1+ {[%clk 00:38:04]} {[%emt 00:00:26]} Ka6 {[%clk
00:08:11]} {[%emt 00:00:12]} 28. Qxc6+ {[%clk 00:34:37]} {[%emt 00:04:00]} Rxc6
{[%clk 00:08:33]} {[%emt 00:00:08]} 29. Re2 {[%clk 00:33:09]} {[%emt 00:01:56]}
Rc3 {[%clk 00:07:31]} {[%emt 00:01:33]} 30. Rb3 {[%clk 00:33:04]} {[%emt
00:00:37]} Rc5 {[%clk 00:07:26]} {[%emt 00:00:35]} 31. c4 {[%clk 00:31:57]}
{[%emt 00:01:38]} Rg6 {[%clk 00:07:00]} {[%emt 00:00:55]} 32. Re7 {[%clk
00:30:49]} {[%emt 00:01:39]} Rf6 {[%clk 00:07:05]} {[%emt 00:00:18]} 33. Kg2
{[%clk 00:29:45]} {[%emt 00:01:40]} f4 {[%clk 00:06:56]} {[%emt 00:00:39]} 34.
g4 {[%clk 00:28:52]} {[%emt 00:01:23]} Ka5 {[%clk 00:05:47]} {[%emt 00:01:39]}
35. Rb7 {[%clk 00:26:02]} {[%emt 00:03:21]} a6 {[%clk 00:04:50]} {[%emt
00:01:28]} 36. Rb4 {[%clk 00:23:10]} {[%emt 00:03:22]} Rcc6 {[%clk 00:03:50]}
{[%emt 00:01:30]} 37. Re5+ {[%clk 00:22:19]} {[%emt 00:01:21]} Rc5 {[%clk
00:03:57]} {[%emt 00:00:22]} 38. Rxc5# {[%clk 00:22:44]} {[%emt 00:00:05]} 1-0

[Event "DEM U10 2021"]
[Site "Willingen GER"]
[Date "2021.08.24"]
[Round "4"]
[White "Böhler, Yannic"]
[Black "Xu, Wanghan"]
[Result "1-0"]
[Termination "normal"]
[Board "22"]
[WhiteElo "1150"]
[BlackElo "1289"]
[WhiteClock "00:56:50"]
[BlackClock "01:04:50"]
[PlyCount "125"]
[WhiteFideId "34609059"]
[BlackFideId "34608745"]
[EventCountry "GER"]
[EventRounds "11"]
[EventType "swiss"]
[EventDate "2021.08.22"]

1. d4 {[%clk 01:15:59]} {[%emt 00:00:01]} d5 {[%clk 01:15:49]} {[%emt
00:00:11]} 2. c4 {[%clk 01:16:27]} {[%emt 00:00:02]} c6 {[%clk 01:15:39]}
{[%emt 00:00:40]} 3. Nc3 {[%clk 01:16:52]} {[%emt 00:00:05]} Nf6 {[%clk
01:15:50]} {[%emt 00:00:18]} 4. cxd5 {[%clk 01:17:18]} {[%emt 00:00:05]} cxd5
{[%clk 01:16:09]} {[%emt 00:00:11]} 5. Bf4 {[%clk 01:17:43]} {[%emt 00:00:05]}
Nc6 {[%clk 01:16:17]} {[%emt 00:00:22]} 6. e3 {[%clk 01:18:07]} {[%emt
00:00:06]} g6 {[%clk 01:16:25]} {[%emt 00:00:22]} 7. Bd3 {[%clk 01:18:20]}
{[%emt 00:00:17]} Bg7 {[%clk 01:16:28]} {[%emt 00:00:26]} 8. Nf3 {[%clk
01:18:22]} {[%emt 00:00:29]} O-O {[%clk 01:16:48]} {[%emt 00:00:10]} 9. O-O
{[%clk 01:18:29]} {[%emt 00:00:24]} Bg4 {[%clk 01:16:50]} {[%emt 00:00:27]} 10.
h3 {[%clk 01:18:35]} {[%emt 00:00:24]} Bxf3 {[%clk 01:16:39]} {[%emt 00:00:40]}
11. Qxf3 {[%clk 01:18:59]} {[%emt 00:00:07]} e6 {[%clk 01:16:36]} {[%emt
00:00:33]} 12. Rfc1 {[%clk 01:17:57]} {[%emt 00:01:32]} a6 {[%clk 01:16:38]}
{[%emt 00:00:28]} 13. Na4 {[%clk 01:17:01]} {[%emt 00:01:26]} Nb4 {[%clk
01:15:27]} {[%emt 00:01:41]} 14. Bf1 {[%clk 01:15:15]} {[%emt 00:02:16]} Ne4
{[%clk 01:14:31]} {[%emt 00:01:25]} 15. a3 {[%clk 01:14:14]} {[%emt 00:01:33]}
Nc6 {[%clk 01:14:19]} {[%emt 00:00:41]} 16. Nc5 {[%clk 01:13:00]} {[%emt
00:01:44]} Na5 {[%clk 01:13:48]} {[%emt 00:01:01]} 17. Rab1 {[%clk 01:10:54]}
{[%emt 00:02:36]} Nd2 {[%clk 01:13:56]} {[%emt 00:00:22]} 18. Qd1 {[%clk
01:09:02]} {[%emt 00:02:21]} Nxb1 {[%clk 01:14:13]} {[%emt 00:00:13]} 19. Rxb1
{[%clk 01:09:25]} {[%emt 00:00:07]} b6 {[%clk 01:14:00]} {[%emt 00:00:44]} 20.
Nxa6 {[%clk 01:08:36]} {[%emt 00:01:18]} Nc4 {[%clk 01:13:44]} {[%emt
00:00:47]} 21. Nc7 {[%clk 01:06:30]} {[%emt 00:02:36]} Rc8 {[%clk 01:13:11]}
{[%emt 00:01:03]} 22. Nb5 {[%clk 01:06:17]} {[%emt 00:00:43]} Qd7 {[%clk
01:11:44]} {[%emt 00:01:56]} 23. a4 {[%clk 01:05:00]} {[%emt 00:01:48]} e5
{[%clk 01:08:29]} {[%emt 00:03:45]} 24. Bg3 {[%clk 01:02:49]} {[%emt 00:02:40]}
Rfe8 {[%clk 01:01:20]} {[%emt 00:07:39]} 25. b3 {[%clk 00:59:42]} {[%emt
00:03:37]} Nd6 {[%clk 01:01:21]} {[%emt 00:00:29]} 26. dxe5 {[%clk 00:58:43]}
{[%emt 00:01:31]} Bxe5 {[%clk 01:01:09]} {[%emt 00:00:42]} 27. Qxd5 {[%clk
00:58:12]} {[%emt 00:01:00]} Bxg3 {[%clk 01:00:17]} {[%emt 00:01:23]} 28. fxg3
{[%clk 00:58:32]} {[%emt 00:00:10]} Qf5 {[%clk 01:00:17]} {[%emt 00:00:30]} 29.
Qxf5 {[%clk 00:55:16]} {[%emt 00:03:45]} Nxf5 {[%emt 00:00:10]} 30. g4 {[%clk
00:55:39]} {[%emt 00:00:06]} Nxe3 {[%clk 00:59:51]} {[%emt 00:01:17]} 31. Nd6
{[%clk 00:55:46]} {[%emt 00:00:23]} Nxf1 {[%clk 00:59:25]} {[%emt 00:00:55]}
32. Rxf1 {[%clk 00:54:08]} {[%emt 00:02:08]} Red8 {[%clk 00:59:44]} {[%emt
00:00:11]} 33. Nxc8 {[%clk 00:54:27]} {[%emt 00:00:12]} Rxc8 {[%clk 01:00:08]}
{[%emt 00:00:06]} 34. Rf6 {[%clk 00:54:47]} {[%emt 00:00:10]} Rb8 {[%clk
01:00:29]} {[%emt 00:00:09]} 35. b4 {[%clk 00:54:54]} {[%emt 00:00:24]} Kg7
{[%clk 01:00:34]} {[%emt 00:00:24]} 36. Rc6 {[%clk 00:55:03]} {[%emt 00:00:21]}
Kh6 {[%clk 00:59:53]} {[%emt 00:01:11]} 37. h4 {[%clk 00:54:57]} {[%emt
00:00:36]} Rb7 {[%clk 00:59:15]} {[%emt 00:01:08]} 38. Kf2 {[%clk 00:55:00]}
{[%emt 00:00:27]} b5 {[%clk 00:59:30]} {[%emt 00:00:16]} 39. a5 {[%clk
00:55:23]} {[%emt 00:00:08]} Kg7 {[%clk 00:59:17]} {[%emt 00:00:42]} 40. Rb6
{[%clk 00:55:32]} {[%emt 00:00:22]} Ra7 {[%clk 00:59:22]} {[%emt 00:00:24]} 41.
Rxb5 {[%clk 00:55:53]} {[%emt 00:00:09]} Kf6 {[%clk 00:59:42]} {[%emt
00:00:11]} 42. Rb6+ {[%clk 00:55:26]} {[%emt 00:00:57]} Ke5 {[%clk 00:59:45]}
{[%emt 00:00:27]} 43. a6 {[%clk 00:54:36]} {[%emt 00:01:20]} Kd5 {[%clk
00:59:59]} {[%emt 00:00:15]} 44. b5 {[%clk 00:54:21]} {[%emt 00:00:46]} Kc5
{[%clk 01:00:23]} {[%emt 00:00:07]} 45. Rb7 {[%clk 00:54:46]} {[%emt 00:00:06]}
Ra8 {[%clk 01:00:45]} {[%emt 00:00:08]} 46. a7 {[%clk 00:53:51]} {[%emt
00:01:23]} Rd8 {[%clk 00:59:59]} {[%emt 00:01:17]} 47. Rb8 {[%clk 00:53:26]}
{[%emt 00:00:56]} Rd2+ {[%clk 01:00:22]} {[%emt 00:00:07]} 48. Kg3 {[%clk
00:53:48]} {[%emt 00:00:08]} Rd3+ {[%clk 01:00:38]} {[%emt 00:00:13]} 49. Kh2
{[%clk 00:54:10]} {[%emt 00:00:09]} Ra3 {[%clk 01:00:46]} {[%emt 00:00:22]} 50.
a8=Q {[%clk 00:54:26]} {[%emt 00:00:13]} Rxa8 {[%clk 01:01:10]} {[%emt
00:00:07]} 51. Rxa8 {[%clk 00:54:44]} {[%emt 00:00:12]} Kxb5 {[%clk 01:01:35]}
{[%emt 00:00:05]} 52. Rf8 {[%clk 00:55:05]} {[%emt 00:00:09]} f5 {[%clk
01:01:58]} {[%emt 00:00:07]} 53. gxf5 {[%clk 00:55:29]} {[%emt 00:00:06]} gxf5
{[%clk 01:02:21]} {[%emt 00:00:07]} 54. Rxf5+ {[%clk 00:55:55]} {[%emt
00:00:04]} Kc6 {[%clk 01:02:42]} {[%emt 00:00:09]} 55. Kg3 {[%clk 00:55:50]}
{[%emt 00:00:35]} Kb7 {[%clk 01:02:58]} {[%emt 00:00:14]} 56. Rf6 {[%clk
00:55:43]} {[%emt 00:00:37]} Ka8 {[%clk 01:03:16]} {[%emt 00:00:12]} 57. Rf7
{[%clk 00:56:06]} {[%emt 00:00:07]} h5 {[%clk 01:03:36]} {[%emt 00:00:09]} 58.
Kf4 {[%clk 00:56:29]} {[%emt 00:00:07]} Kb8 {[%clk 01:03:47]} {[%emt 00:00:20]}
59. Ke5 {[%clk 00:56:50]} {[%emt 00:00:08]} Kc8 {[%clk 01:04:08]} {[%emt
00:00:09]} 60. Kd6 {[%clk 00:57:01]} {[%emt 00:00:19]} Kb8 {[%clk 01:04:29]}
{[%emt 00:00:09]} 61. Kc6 {[%clk 00:56:31]} {[%emt 00:01:02]} Ka8 {[%clk
01:04:27]} {[%emt 00:00:31]} 62. Kb6 {[%clk 00:56:50]} {[%emt 00:00:10]} Kb8
{[%clk 01:04:50]} {[%emt 00:00:06]} 63. Rf8# {[%emt 00:00:03]} 1-0

[Event "DEM U10 2021"]
[Site "Willingen GER"]
[Date "2021.08.24"]
[Round "4"]
[White "Dodul, Arthur"]
[Black "Grebita, Magnus"]
[Result "1/2-1/2"]
[Termination "normal"]
[Board "23"]
[WhiteElo "1285"]
[BlackElo "977"]
[WhiteClock "00:47:00"]
[BlackClock "00:48:22"]
[PlyCount "44"]
[WhiteFideId "34609016"]
[BlackFideId "34608958"]
[EventCountry "GER"]
[EventRounds "11"]
[EventType "swiss"]
[EventDate "2021.08.22"]

1. f4 {[%clk 01:15:58]} {[%emt 00:00:02]} d5 {[%clk 01:14:45]} {[%emt
00:01:15]} 2. Nf3 {[%clk 01:16:14]} {[%emt 00:00:14]} Nf6 {[%clk 01:14:10]}
{[%emt 00:01:02]} 3. e3 {[%clk 01:15:49]} {[%emt 00:00:58]} e6 {[%clk
01:13:54]} {[%emt 00:00:45]} 4. b3 {[%clk 01:15:33]} {[%emt 00:00:47]} Bd6
{[%clk 01:13:14]} {[%emt 00:01:10]} 5. Bb2 {[%clk 01:15:00]} {[%emt 00:01:03]}
Nbd7 {[%clk 01:12:55]} {[%emt 00:00:40]} 6. Be2 {[%clk 01:14:30]} {[%emt
00:01:09]} b6 {[%clk 01:12:03]} {[%emt 00:01:22]} 7. O-O {[%clk 01:14:02]}
{[%emt 00:00:57]} Bb7 {[%clk 01:11:29]} {[%emt 00:01:05]} 8. Qe1 {[%clk
01:13:14]} {[%emt 00:01:19]} O-O {[%clk 01:08:55]} {[%emt 00:03:01]} 9. c4
{[%clk 01:12:41]} {[%emt 00:01:05]} c5 {[%clk 01:07:40]} {[%emt 00:01:45]} 10.
Qg3 {[%clk 01:10:11]} {[%emt 00:03:00]} h6 {[%clk 01:06:25]} {[%emt 00:01:43]}
11. cxd5 {[%clk 01:09:12]} {[%emt 00:01:31]} exd5 {[%clk 01:05:32]} {[%emt
00:01:20]} 12. Bb5 {[%clk 01:07:56]} {[%emt 00:01:49]} Be7 {[%clk 01:01:40]}
{[%emt 00:04:10]} 13. Nh4 {[%clk 01:04:57]} {[%emt 00:03:40]} Nh5 {[%clk
00:57:43]} {[%emt 00:04:28]} 14. Qg4 {[%clk 01:03:11]} {[%emt 00:02:12]} Bxh4
{[%clk 00:55:52]} {[%emt 00:02:24]} 15. Qxh5 {[%clk 01:03:16]} {[%emt
00:00:24]} Bf6 {[%clk 00:56:13]} {[%emt 00:00:10]} 16. Bxf6 {[%clk 01:01:22]}
{[%emt 00:02:25]} Nxf6 {[%clk 00:56:27]} {[%emt 00:00:14]} 17. Qe2 {[%clk
01:00:00]} {[%emt 00:01:54]} Qc7 {[%clk 00:54:40]} {[%emt 00:01:55]} 18. d4
{[%clk 00:55:42]} {[%emt 00:05:03]} a6 {[%clk 00:51:53]} {[%emt 00:03:24]} 19.
Bd3 {[%clk 00:53:16]} {[%emt 00:02:55]} Rfe8 {[%clk 00:51:46]} {[%emt
00:00:35]} 20. Qf3 {[%clk 00:51:02]} {[%emt 00:02:34]} c4 {[%clk 00:49:30]}
{[%emt 00:02:59]} 21. Bc2 {[%clk 00:49:31]} {[%emt 00:01:58]} cxb3 {[%clk
00:48:57]} {[%emt 00:01:06]} 22. Bxb3 {[%clk 00:47:00]} {[%emt 00:03:01]} Ne4
{[%clk 00:48:22]} {[%emt 00:01:06]} 1/2-1/2

[Event "DEM U10 2021"]
[Site "Willingen GER"]
[Date "2021.08.24"]
[Round "4"]
[White "Burban, Bogdan"]
[Black "Sheng, Ming"]
[Result "0-1"]
[Termination "normal"]
[Board "24"]
[WhiteElo "1062"]
[BlackElo "1266"]
[WhiteClock "00:33:24"]
[BlackClock "00:44:18"]
[PlyCount "176"]
[WhiteFideId "34609040"]
[BlackFideId "34605258"]
[EventCountry "GER"]
[EventRounds "11"]
[EventType "swiss"]
[EventDate "2021.08.22"]

1. d4 {[%clk 01:15:58]} {[%emt 00:00:01]} Nf6 {[%clk 01:15:36]} {[%emt
00:00:23]} 2. c4 {[%clk 01:16:20]} {[%emt 00:00:09]} e6 {[%clk 01:15:48]}
{[%emt 00:00:17]} 3. Nc3 {[%clk 01:16:14]} {[%emt 00:00:37]} Bb4 {[%clk
01:15:46]} {[%emt 00:00:31]} 4. Qc2 {[%clk 01:14:18]} {[%emt 00:02:27]} O-O
{[%clk 01:15:44]} {[%emt 00:00:32]} 5. Nf3 {[%clk 01:13:58]} {[%emt 00:00:50]}
Nc6 {[%clk 01:14:41]} {[%emt 00:01:33]} 6. a3 {[%clk 01:11:19]} {[%emt
00:03:10]} Bxc3+ {[%clk 01:14:32]} {[%emt 00:00:38]} 7. Qxc3 {[%clk 01:11:32]}
{[%emt 00:00:17]} Qe7 {[%clk 01:14:27]} {[%emt 00:00:25]} 8. Bf4 {[%clk
01:10:35]} {[%emt 00:01:36]} d6 {[%clk 01:12:50]} {[%emt 00:02:03]} 9. Qc2
{[%clk 01:09:50]} {[%emt 00:01:20]} e5 {[%clk 01:06:48]} {[%emt 00:07:02]} 10.
Be3 {[%clk 01:08:10]} {[%emt 00:02:59]} Bg4 {[%clk 01:06:07]} {[%emt 00:01:05]}
11. d5 {[%clk 01:07:15]} {[%emt 00:01:33]} Nb8 {[%clk 01:05:17]} {[%emt
00:01:12]} 12. Bd2 {[%clk 01:05:22]} {[%emt 00:02:31]} Nbd7 {[%clk 01:05:14]}
{[%emt 00:00:25]} 13. e4 {[%clk 01:03:07]} {[%emt 00:02:53]} Nc5 {[%clk
01:04:26]} {[%emt 00:01:09]} 14. Bd3 {[%clk 01:01:25]} {[%emt 00:02:21]} h6
{[%clk 01:02:12]} {[%emt 00:02:30]} 15. b4 {[%clk 00:59:49]} {[%emt 00:02:21]}
Nxd3+ {[%emt 00:00:11]} 16. Qxd3 {[%emt 00:00:16]} Rfe8 {[%clk 01:01:27]}
{[%emt 00:00:37]} 17. O-O {[%clk 00:59:31]} {[%emt 00:00:58]} Nh5 {[%clk
00:58:42]} {[%emt 00:03:10]} 18. h3 {[%clk 00:58:20]} {[%emt 00:01:46]} Bxf3
{[%clk 00:58:48]} {[%emt 00:00:23]} 19. Qxf3 {[%clk 00:58:38]} {[%emt
00:00:13]} Nf4 {[%clk 00:58:22]} {[%emt 00:00:48]} 20. Rfe1 {[%clk 00:57:39]}
{[%emt 00:01:37]} Ng6 {[%clk 00:58:18]} {[%emt 00:00:25]} 21. Rac1 {[%clk
00:54:00]} {[%emt 00:04:17]} Rf8 {[%clk 00:57:25]} {[%emt 00:01:06]} 22. c5
{[%clk 00:51:50]} {[%emt 00:02:57]} Rac8 {[%clk 00:57:02]} {[%emt 00:00:48]}
23. c6 {[%clk 00:50:46]} {[%emt 00:01:39]} b6 {[%clk 00:56:39]} {[%emt
00:00:46]} 24. b5 {[%clk 00:49:20]} {[%emt 00:02:03]} Qh4 {[%clk 00:55:08]}
{[%emt 00:01:12]} 25. Qe3 {[%clk 00:45:36]} {[%emt 00:05:04]} f5 {[%clk
00:54:18]} {[%emt 00:01:15]} 26. Rc4 {[%clk 00:43:17]} {[%emt 00:02:53]} f4
{[%clk 00:54:14]} {[%emt 00:00:30]} 27. Qf3 {[%clk 00:41:32]} {[%emt 00:02:18]}
Kh7 {[%clk 00:53:09]} {[%emt 00:01:31]} 28. Kh2 {[%clk 00:41:00]} {[%emt
00:01:06]} Ne7 {[%clk 00:52:48]} {[%emt 00:00:44]} 29. a4 {[%clk 00:38:40]}
{[%emt 00:02:58]} Rg8 {[%clk 00:51:58]} {[%emt 00:01:08]} 30. g3 {[%clk
00:36:42]} {[%emt 00:02:39]} fxg3+ {[%clk 00:52:04]} {[%emt 00:00:23]} 31. fxg3
{[%clk 00:36:28]} {[%emt 00:00:45]} Qf6 {[%clk 00:52:19]} {[%emt 00:00:12]} 32.
Qxf6 {[%clk 00:35:09]} {[%emt 00:01:52]} gxf6 {[%clk 00:52:33]} {[%emt
00:00:15]} 33. Rf1 {[%clk 00:34:18]} {[%emt 00:01:22]} Rg6 {[%clk 00:52:39]}
{[%emt 00:00:18]} 34. h4 {[%clk 00:33:37]} {[%emt 00:01:17]} h5 {[%clk
00:52:41]} {[%emt 00:00:24]} 35. Kh3 {[%clk 00:33:15]} {[%emt 00:00:56]} Rcg8
{[%clk 00:51:59]} {[%emt 00:00:57]} 36. Rg1 {[%clk 00:32:47]} {[%emt 00:01:13]}
R8g7 {[%clk 00:50:13]} {[%emt 00:02:14]} 37. Bc1 {[%clk 00:32:12]} {[%emt
00:01:07]} Ng8 {[%clk 00:49:59]} {[%emt 00:00:33]} 38. Bd2 {[%clk 00:31:39]}
{[%emt 00:01:14]} Nh6 {[%clk 00:49:59]} {[%emt 00:00:10]} 39. Bxh6 {[%clk
00:31:00]} {[%emt 00:01:29]} Kxh6 {[%clk 00:50:18]} {[%emt 00:00:09]} 40. Rc2
{[%clk 00:30:26]} {[%emt 00:01:05]} Rg4 {[%clk 00:50:14]} {[%emt 00:00:19]} 41.
Rc4 {[%clk 00:30:42]} {[%emt 00:00:29]} Rf7 {[%clk 00:50:06]} {[%emt 00:00:22]}
42. Rf1 {[%clk 00:30:52]} {[%emt 00:00:36]} Kg6 {[%clk 00:49:59]} {[%emt
00:00:32]} 43. Rfc1 {[%clk 00:29:47]} {[%emt 00:01:40]} f5 {[%clk 00:49:40]}
{[%emt 00:00:48]} 44. exf5+ {[%clk 00:30:06]} {[%emt 00:00:12]} Rxf5 {[%clk
00:49:27]} {[%emt 00:00:42]} 45. Rxg4+ {[%clk 00:30:22]} {[%emt 00:00:16]}
hxg4+ {[%clk 00:49:41]} {[%emt 00:00:14]} 46. Kxg4 {[%clk 00:30:36]} {[%emt
00:00:16]} e4 {[%clk 00:49:38]} {[%emt 00:00:25]} 47. Re1 {[%clk 00:30:14]}
{[%emt 00:01:01]} Re5 {[%clk 00:48:41]} {[%emt 00:01:25]} 48. Kf4 {[%clk
00:30:24]} {[%emt 00:00:21]} Rf5+ {[%clk 00:48:17]} {[%emt 00:00:51]} 49. Kg4
{[%clk 00:30:22]} {[%emt 00:00:36]} Re5 {[%clk 00:48:22]} {[%emt 00:00:22]} 50.
Kh3 {[%clk 00:30:03]} {[%emt 00:00:51]} e3 {[%clk 00:47:08]} {[%emt 00:01:40]}
51. Kg2 {[%clk 00:30:11]} {[%emt 00:00:26]} Rxd5 {[%clk 00:47:07]} {[%emt
00:00:31]} 52. Rxe3 {[%clk 00:30:11]} {[%emt 00:00:31]} Rh5 {[%clk 00:46:29]}
{[%emt 00:01:06]} 53. Kh3 {[%clk 00:29:57]} {[%emt 00:00:46]} Rc5 {[%clk
00:44:19]} {[%emt 00:02:39]} 54. g4 {[%clk 00:28:39]} {[%emt 00:01:48]} Rc1
{[%clk 00:42:41]} {[%emt 00:02:07]} 55. Re2 {[%clk 00:27:47]} {[%emt 00:01:23]}
Rh1+ {[%clk 00:41:57]} {[%emt 00:01:13]} 56. Rh2 {[%clk 00:28:07]} {[%emt
00:00:11]} Rg1 {[%clk 00:41:54]} {[%emt 00:00:32]} 57. Rg2 {[%clk 00:27:43]}
{[%emt 00:00:54]} Rh1+ {[%clk 00:40:45]} {[%emt 00:01:37]} 58. Kg3 {[%clk
00:28:04]} {[%emt 00:00:10]} d5 {[%clk 00:40:48]} {[%emt 00:00:27]} 59. Rf2
{[%clk 00:27:25]} {[%emt 00:01:09]} Rg1+ {[%clk 00:40:49]} {[%emt 00:00:27]}
60. Kf4 {[%clk 00:27:34]} {[%emt 00:00:23]} d4 {[%clk 00:40:27]} {[%emt
00:00:52]} 61. h5+ {[%clk 00:27:26]} {[%emt 00:00:39]} Kh6 {[%clk 00:39:32]}
{[%emt 00:01:22]} 62. Ke4 {[%clk 00:26:41]} {[%emt 00:01:17]} Rxg4+ {[%clk
00:39:16]} {[%emt 00:00:46]} 63. Rf4 {[%clk 00:26:57]} {[%emt 00:00:15]} Kxh5
{[%clk 00:39:06]} {[%emt 00:00:39]} 64. Rxg4 {[%clk 00:27:15]} {[%emt
00:00:12]} Kxg4 {[%clk 00:39:15]} {[%emt 00:00:22]} 65. Kxd4 {[%clk 00:27:32]}
{[%emt 00:00:13]} Kf4 {[%clk 00:39:35]} {[%emt 00:00:09]} 66. Kc4 {[%clk
00:27:42]} {[%emt 00:00:21]} Ke4 {[%clk 00:39:51]} {[%emt 00:00:12]} 67. Kb4
{[%clk 00:28:06]} {[%emt 00:00:07]} Kd4 {[%clk 00:40:08]} {[%emt 00:00:14]} 68.
a5 {[%clk 00:28:28]} {[%emt 00:00:09]} Kd5 {[%clk 00:39:23]} {[%emt 00:01:12]}
69. a6 {[%clk 00:28:04]} {[%emt 00:00:56]} Kd4 {[%clk 00:39:10]} {[%emt
00:00:41]} 70. Kb3 {[%clk 00:28:00]} {[%emt 00:00:36]} Kc5 {[%clk 00:39:31]}
{[%emt 00:00:08]} 71. Kc3 {[%clk 00:28:17]} {[%emt 00:00:13]} Kxb5 {[%clk
00:39:55]} {[%emt 00:00:06]} 72. Kd4 {[%clk 00:28:35]} {[%emt 00:00:13]} Kxc6
{[%clk 00:40:11]} {[%emt 00:00:13]} 73. Kc4 {[%clk 00:28:51]} {[%emt 00:00:14]}
b5+ {[%clk 00:40:25]} {[%emt 00:00:16]} 74. Kb4 {[%clk 00:29:14]} {[%emt
00:00:07]} Kb6 {[%clk 00:40:43]} {[%emt 00:00:13]} 75. Kb3 {[%clk 00:29:35]}
{[%emt 00:00:10]} c5 {[%clk 00:41:02]} {[%emt 00:00:10]} 76. Kc3 {[%clk
00:29:54]} {[%emt 00:00:11]} Kxa6 {[%clk 00:41:17]} {[%emt 00:00:15]} 77. Kb3
{[%clk 00:30:12]} {[%emt 00:00:13]} Ka5 {[%clk 00:41:33]} {[%emt 00:00:13]} 78.
Ka3 {[%clk 00:30:30]} {[%emt 00:00:13]} b4+ {[%clk 00:41:58]} {[%emt 00:00:06]}
79. Kb3 {[%clk 00:30:49]} {[%emt 00:00:11]} c4+ {[%clk 00:42:04]} {[%emt
00:00:23]} 80. Kb2 {[%clk 00:30:57]} {[%emt 00:00:22]} Ka4 {[%clk 00:42:18]}
{[%emt 00:00:15]} 81. Ka2 {[%clk 00:31:10]} {[%emt 00:00:18]} b3+ {[%clk
00:42:37]} {[%emt 00:00:11]} 82. Kb2 {[%clk 00:31:29]} {[%emt 00:00:11]} Kb4
{[%clk 00:43:00]} {[%emt 00:00:06]} 83. Kb1 {[%clk 00:31:46]} {[%emt 00:00:13]}
Kc3 {[%clk 00:42:58]} {[%emt 00:00:31]} 84. Kc1 {[%clk 00:31:56]} {[%emt
00:00:21]} b2+ {[%clk 00:43:17]} {[%emt 00:00:09]} 85. Kb1 {[%clk 00:32:19]}
{[%emt 00:00:08]} Kd2 {[%clk 00:43:36]} {[%emt 00:00:11]} 86. Kxb2 {[%clk
00:32:39]} {[%emt 00:00:11]} c3+ {[%clk 00:43:59]} {[%emt 00:00:07]} 87. Kb3
{[%clk 00:32:59]} {[%emt 00:00:10]} c2 {[%clk 00:44:18]} {[%emt 00:00:11]} 88.
Kb4 {[%clk 00:33:24]} {[%emt 00:00:06]} c1=Q {[%emt 00:00:48]} 0-1